| 000 | 01128nam a22003137a 4500 | ||
|---|---|---|---|
| 005 | 20240530110436.0 | ||
| 008 | 150301s2010 ua f 000 0 ara d | ||
| 017 |
_a2010/3317 _bمصر . دار الكتب المصرية |
||
| 020 | _a9772088452 | ||
| 040 | _aEG-CaGPL | ||
| 041 | 0 | _aara | |
| 082 | 0 | 4 |
_221 _a305.6\ _bع د |
| 100 | 0 | _aعبدالمنعم منيب | |
| 245 | 1 | 0 |
_aدليل الحركات الاسلامية المصرية / _cعبدالمنعم منيب |
| 250 | _aط1 | ||
| 260 |
_aالقاهرة : _bمكتبة مدبولى ، _c2010 |
||
| 300 |
_a260 ص ؛ _c20 سم |
||
| 650 | 0 | 4 | _aجماعة الاخوان المسلمون |
| 650 | 0 | 4 | _aحزب الله |
| 650 | 0 | 4 | _aجماعة التبليغ و الدعوة |
| 650 | 0 | 4 | _aجماعة شباب محمد |
| 650 | 0 | 4 | _aجماعة التكفير و الهجرة |
| 650 | 0 | 4 | _aالجماعات الاسلامية |
| 650 | 0 | 4 |
_aالحركات الاسلامية _zمصر |
| 650 | 0 | 4 | _aالجماعات السلفية |
| 651 | 0 | 4 |
_aمصر _xالاحوال السياسية |
| 942 |
_2ddc _cBK |
||
| 999 |
_c60954 _d60954 |
||